| 000 -LEADER |
| fixed length control field |
00888cam a2200253 a 4500 |
| 005 - DATE AND TIME OF LATEST TRANSACTION |
| control field |
20131021035347.0 |
| 008 - FIXED-LENGTH DATA ELEMENTS--GENERAL INFORMATION |
| fixed length control field |
980505s1995 au b 000 0 eng d |
| 020 ## - INTERNATIONAL STANDARD BOOK NUMBER |
| International Standard Book Number |
3854283466 |
| 041 0# - LANGUAGE CODE |
| Language code of text/sound track or separate title |
eng |
| Language code of summary or abstract/overprinted title or subtitle |
ger |
| 080 ## - UNIVERSAL DECIMAL CLASSIFICATION NUMBER |
| Universal Decimal Classification number |
321.7 |
| Common auxiliary subdivision |
(4) |
| 100 1# - Rafti |
| Rafti |
Falkner, Gerda. |
| 245 10 - TITLE STATEMENT |
| Title |
European Union : |
| Statement of responsibility, etc |
by Gerda Falkner and Michael Nentwich. |
| 260 ## - |
| -- |
Wien : |
| -- |
Service Fachverlag, |
| -- |
1995. |
| 300 ## - |
| -- |
153 p. ; |
| -- |
25 cm. |
| 440 #0 - |
| -- |
Schriftenreihe des Forschungsinstituts für Europafragen ; |
| -- |
Bd. 13 |
| 500 ## - |
| -- |
Preface : f. V |
| 504 ## - BIBLIOGRAPHY, ETC. NOTE |
| Bibliography, etc |
Includes bibliographical references (p. 151-152). |
| 546 ## - |
| -- |
In English with abstract in German. |
| 610 20 - |
| -- |
Unioni Europian |
| 650 #0 - |
| -- |
Demokracia |
| -- |
Vendet e Unionit Europian |
| 651 #0 - |
| -- |
European Union countries |
| -- |
Politika dhe qeverisja |
| 700 1# - |
| -- |
Nentwich, Michael, |
| -- |
1964- |
| 942 ## - ADDED ENTRY ELEMENTS (KOHA) |
| Source of classification or shelving scheme |
|
| Item type |
Books |